000 01283nam a2200265Ia 4500
003 OSt
005 20220930095033.0
006 a|||||r|||| 00| 0
007 ta
008 220926b |||||||| |||| 00| 0 hin d
024 _a67949
037 _cTheses
040 _aCRL
_cCRL
_bhin
041 _2hin
_ahin
100 _aदिनेश कुमार, ले.
110 _aदिल्ली विश्वविद्यालय. कला संकाय. हिन्दी विभाग
245 0 _aहिन्दी में आधुनिकतावाद का प्रवेश और प्रगतिशील आलोचना की वैचारिकी
_b प्रतिमानों की टकराहट, दिनश कुमार
246 _aHindī mean ādhunikatāvād kā pravesh aur pragatishīl ālochanā kī vaichārikī: pratimānoan kī ṭakarāhaṭa, dinash kumāra
260 _c2019
300 _a287पृ0
_ap.
_ccm.
650 _aहिन्दी साहित्य
700 _aदिल्ली विश्वविद्यालय. कला संकाय. हिन्दी विभाग
942 _cDIS
_2CC
999 _c888207
_d888207